Noch ein bisschen nerdiges Champions-League-Wissen - Statistiken

Allgemein
  • Dieses Quiz wurde 44 mal gespielt
  • Das Durchschnittsergebnis liegt bei 14 aus 26
Antwortstatistiken
Fact Daten Zeitpunkt Team, in dem das gelang Gegner Spielername / Team / Anzahl / Ergebnis / Nation % Korrekt
Team mit den meisten Teilnahmen an der Gruppenphase 28 - - - FC Barcelona / Real Madrid
97%
Team mit dem größten Punktevorsprung in einer Gruppenphase 11 1995/1996 / 2002/2003 / 2014/2015 / 2021/2022 - Spartak Moskau / FC Barcelona / Real Madrid / FC Liverpool
97%
Spieler mit den meisten Toren in einer einzigen CL-Gruppenphase 11 2015/2016 Real Madrid - Cristiano Ronaldo
95%
Spieler mit den meisten CL-Einsätze 98 - Manchester United / Real Madrid / Juventus Turin - Cristiano Ronaldo
95%
Torschütze an allen 6 Spieltagen der Gruppenphase 6 2017/2018 / 2021/2022 Real Madrid / Ajax Amsterdam - Cristiano Ronaldo / Sebastien Haller
95%
Spieler mit den meisten Toren in allen Gruppenphasen 80 - FC Barcelona / Paris St. Germain - Lionel Messi
95%
Schnellster Dreierpack in der Gruppenphase 7 min. 12.10.2022 FC Liverpool Glasgow Rangers Mohamed Salah
90%
Land mit den meisten Teilnahmen an der Gruppenphase 109 - - - Spanien
85%
Ergebnis des höchsten Sieges in einem Gruppenspiel - 06.11.2007 / 08.12.2015 Liverpool - Besiktas / Real Madrid - Malmö Liverpool - Besiktas / Real Madrid - Malmö 8:0
82%
Land mit den meisten verschiedenen Vertretern in der Gruppenphase 15 - - - Deutschland
82%
Ergebnis des torreichsten Unentschiedens einer Gruppenphase - 13.09.2000 / 20.10.2015 / 05.11.2019 Hamburg - Juventus / Leverkusen - AS Rom / Chelsea - Ajax Hamburg - Juventus / Leverkusen - AS Rom / Chelsea - Ajax 4:4
79%
Jünster eingesetzter Spieler in der Gruppenphase 16 Jahre, 18 Tage 08.12.2020 Borussia Dortmund Zenit St. Petersburg Youssoufa Moukoko
79%
Anzahl der Tore im torreichsten CL-Gruppenspiel - 22.11.2016 Borussia Dortmund - Legia Warschau Borussia Dortmund - Legia Warschau 12
69%
Ältester Torschütze in der Gruppenphase 40 Jahre, 257 Tage 07.11.2023 FC Porto Royal Antwerpen Pepe
69%
Jüngster Torschütze in der Gruppenphase 17 Jahre, 40 Tage 10.12.2019 FC Barcelona Inter Mailand Ansu Fati
51%
Spieler mit den meisten Toren in einem Gruppenspiel 5 21.10.2014 Shakhtar Donezk BATE Borisov Luiz Adriano
26%
Team mit den wenigsten erzielten Punkten, die in einer Gruppenphase zum Weiterkommen reichten (3 Punkte für einen Sieg) 6 2013/2014 / 2015/2016 - - Zenit St. Petersburg / AS Rom
21%
Team mit den meisten Gegentoren in einer CL-Saison 24 2014/2015 / 2016/2017 / 2022/2023 - - BATE Borisov / Legia Warschau / Viktoria Pilsen
13%
Team mit den wenigsten erzielten Tore in einer CL-Saison 0 2004/2005 / 2009/2010 / 2016/2017 - - Deportivo La Coruna / Maccabi Haifa / Dinamo Zagreb
13%
Team mit den meist erzielten Punkten, die in einer Gruppenphase zum Weiterkommen nötig waren (3 Punkte für einen Sieg) 12 1997/1998 / 2013/2014 - - Paris St. Germain / SSC Neapel
13%
Schnellstes Tor in der Gruppenphase 10,96 sec. 01.11.2011 FC Valencia Leverkusen Jonas
8%
Team mit den meisten Toren m. Beteiligung dieser Mannschaft (Tore & Gegentore) 33 2016/2017 - - Legia Warschau
8%
Team mit den meisten Toren in einer CL-Saison 25 2017/2018 - - Paris St. Germain
8%
Team, das alle Gruppenspiele Unentschieden spielte 6 2002/2003 - - AEK Athen
3%
Schnellstes Eigentor in der Gruppenphase 1:09 min. 23.10.2013 Real Sociedad Manchester United Inigo Martinez
3%
Ältester eingesetzter Spieler in der Gruppenphase 43 Jahre, 252 Tage 11.12.2007 Lazio Rom Real Madrid Marco Ballotta
0%
Keine übereinstimmenden Quizze gefunden
Verteilung der Resultate
Anzahl Personen mit jedem Resultat
Perzentil nach korrekt beantworteten Fragen
Ihre Resultats-Entwicklung
Sie haben dieses Quiz noch nicht gespielt